Logo des compétitions de football - Difficile - Statistiques

Statistiques générales
  • Ce quiz a été pris 160 fois
  • Le résultat moyen est 18 sur 22
Statistiques - réponses
Par images Réponse % Correct
Bundesliga
98%
Premier league
98%
Ligue europa conference
97%
Ligue des champions
96%
Coupe du monde
94%
Serie a
94%
jeux olympiques
93%
Ligue 1
93%
Coupe de France
91%
Euro
91%
Europa league
90%
MLS
90%
Ligue des nations
89%
Coupe d'Afrique des nations
82%
Liga
79%
Super coupe d'Europe
75%
Copa america
74%
FA cup
74%
Coupe du monde des clubs
71%
Saudi pro league
70%
Liga Portugal
54%
Coupe du roi
51%
Aucun quiz correspondant
Distribution des résultats
% des personnes avec chaque résultat
Percentile par nombre de réponses
Votre historique - résultats
Vous n’avez pas pris ce quiz